Propagácia podniku prostredníctvom webovej stránky bakalárska práca

Saved in:
Bibliographic Details
Main Author: Dragošová, Bianka
Corporate Author: Fakulta podnikového manažmentu EU. Katedra informačného manažmentu
Other Authors: Filanová, Jana, 1967-
Format: Book
Language:Slovak
Published: Bratislava 2021
Tags: Add Tag
No Tags, Be the first to tag this record!

MARC

LEADER 00000nbm a2200000 4500
001 0275851
005 20211104095159.5
041 0 |a slo 
044 |a SK 
245 1 0 |a Propagácia podniku prostredníctvom webovej stránky  |b bakalárska práca  |c Bianka Dragošová ; školiteľ: Jana Filanová 
264 1 |a Bratislava  |c 2021 
300 |a 48 s. 
100 1 |a Dragošová, Bianka 
700 1 |a Filanová, Jana, 1967- 
710 2 |a Fakulta podnikového manažmentu EU. Katedra informačného manažmentu